000 00458nam a2200169Ia 4500
008 240729s9999 xx 000 0 und d
022 _a1676-0611
245 0 _aBiota Neotropica
260 _aBrazil
260 _bFundação de Amparo à Pesquisa do Estado de SP
650 _a Biology (General)
650 _a Ecology
650 _aScience
856 _uhttps://doaj.org/toc/17550db1a6de47da98bc3b251ebf2470
942 _2ddc
942 _cDOAJEJ
999 _c65765
_d65765
945 _a1
_bMadushi Gamage
_c1
_dMadushi Gamage